Els Projectes educatius de ciutat (PEC) : anàlisi de l'experiència acumulada : nova proposta metodològica / [direcció: Joan Subirats] anàlisi de l'experiència acumulada :
ISBN:
84-9803-073-0
Descripción Física:
112 p. ; 28 cm
Colección:
Guies metodològiques ; 7
Otros Autores:
Subirats, Joan (Subirats i Humet), 1951-
MARC
| LEADER | 00000nam a2200000Ia 4500 | ||
|---|---|---|---|
| 001 | 17146 | ||
| 008 | 160829s2005 xx 000 0 cat d | ||
| 020 | |a 84-9803-073-0 | ||
| 080 | |a E-1-239 | ||
| 245 | |a Els Projectes educatius de ciutat (PEC) : |b anàlisi de l'experiència acumulada : |b nova proposta metodològica / [direcció: |b Joan Subirats] | ||
| 260 | |a Barcelona: |b Diputació de Barcelona, |c 2005 | ||
| 300 | |a 112 p. ; |c 28 cm | ||
| 490 | |a Guies metodològiques ; 7 | ||
| 590 | |a Hi ha un exemplar en castellà amb R. 18237 | ||
| 650 | |a Projecte educatiu de ciutat |9 39276 | ||
| 650 | 0 | |a Educació no-formal |9 39118 | |
| 700 | |a Subirats, Joan |q (Subirats i Humet), |d 1951- |e editor literari |9 148 | ||
| 710 | |a Barcelona (Catalunya : Província). |b Àrea d'Educació |9 8009 | ||
| 901 | |a Arxiu | ||
| 942 | |n 1 |2 udc | ||
| 952 | |0 0 |1 0 |4 0 |6 E1239 |7 1 |9 48906 |a Arxiu |b Arxiu |d 2016-12-01 |l 0 |o E-1-239 |p 17146 |r 2016-12-01 00:00:00 |w 2016-12-01 |y ARXIU | ||
| 999 | |c 52741 |d 52741 | ||